[Event "Kimry-ch"]
[Site "Kimry"]
[Date "2010.01.07"]
[Round "9"]
[White "Volkov, Nikita"]
[Black "Zarodov, Alexandr"]
[Result "1/2-1/2"]
[WhiteElo "2081"]
[BlackElo "1943"]
[PlyCount "44"]
[EventDate "2010.01.02"]
[EventType "swiss"]
[EventRounds "9"]
[EventCountry "RUS"]
[SourceTitle "CBM 134 Extra"]
[Source "ChessBase"]
[SourceDate "2010.03.03"]
[SourceVersion "1"]
[SourceVersionDate "2010.03.03"]
[SourceQuality "1"]

1. e4 e6 2. d4 d5 3. Nd2 dxe4 4. Nxe4 Nf6 5. Nxf6+ Qxf6 6. Nf3 h6 7. Bb5+ Bd7 8. Qe2 Bd6 9. Ne5 Bxe5 10. dxe5 Qe7 11. Bd3 Nc6 12. Bd2 Nb4 13. Bxb4 Qxb4+ 14. c3 Qb6 15. a4 a5 16. Bb5 Bxb5 17. Qxb5+ Qxb5 18. axb5 0-0 19. Ke2 Rfd8 20. Rhd1 b6 21. c4 Kf8 22. Rxd8+ Rxd8 1/2-1/2

[Event "Kimry-ch"]
[Site "Kimry"]
[Date "2010.01.03"]
[Round "3"]
[White "Volkov, Nikita"]
[Black "Bik Mukhamedov, Mikhail"]
[Result "1-0"]
[WhiteElo "2081"]
[BlackElo "1910"]
[PlyCount "61"]
[EventDate "2010.01.02"]
[EventType "swiss"]
[EventRounds "9"]
[EventCountry "RUS"]
[SourceTitle "CBM 134 Extra"]
[Source "ChessBase"]
[SourceDate "2010.03.03"]
[SourceVersion "1"]
[SourceVersionDate "2010.03.03"]
[SourceQuality "1"]

1. e4 e5 2. Nf3 Nc6 3. Bc4 Nf6 4. d3 Bc5 5. 0-0 d6 6. h3 Be6 7. Nc3 Qd7 8. Nd5 Bxd5 9. Bxd5 0-0-0 10. c3 Nxd5 11. exd5 Ne7 12. b4 Bb6 13. a4 a6 14. c4 Nf5 15. a5 Ba7 16. Qb3 f6 17. b5 axb5 18. a6 b6 19. cxb5 g5 20. Qc4 Ne7 21. Bxg5 fxg5 22. Nxg5 Rdg8 23. Ne6 Rg6 24. Rfc1 Rxe6 25. dxe6 Qd8 26. Ra2 d5 27. Qc3 Qd6 28. Rac2 d4 29. Qxc7+ Qxc7 30. Rxc7+ Kb8 31. Rxe7 1-0

[Event "Kimry-ch"]
[Site "Kimry"]
[Date "2005.01.??"]
[Round "5"]
[White "Shpagin, Vlas"]
[Black "Volkov, Nikita"]
[Result "1/2-1/2"]
[WhiteElo "2009"]
[BlackElo "2065"]
[PlyCount "28"]
[EventDate "2005.01.??"]
[EventType "swiss"]
[EventRounds "9"]
[EventCountry "RUS"]
[SourceTitle "EXT 2006"]
[Source "ChessBase"]
[SourceDate "2005.11.24"]
[SourceVersion "1"]
[SourceVersionDate "2005.11.24"]
[SourceQuality "1"]

1. d4 d5 2. Bg5 c6 3. e3 Qb6 4. b3 h6 5. Bh4 e5 6. Nf3 e4 7. Ne5 Bb4+ 8. c3 Be7 9. Qh5 Be6 10. Bxe7 Nxe7 11. f4 Nd7 12. Nxd7 Kxd7 13. Be2 f5 14. g4 g6 1/2-1/2

[Event "Kimry-ch"]
[Site "Kimry"]
[Date "2005.01.??"]
[Round "4"]
[White "Volkov, Nikita"]
[Black "Sharkov, Kirill"]
[Result "1-0"]
[WhiteElo "2065"]
[BlackElo "1950"]
[PlyCount "149"]
[EventDate "2005.01.??"]
[EventType "swiss"]
[EventRounds "9"]
[EventCountry "RUS"]
[SourceTitle "EXT 2006"]
[Source "ChessBase"]
[SourceDate "2005.11.24"]
[SourceVersion "1"]
[SourceVersionDate "2005.11.24"]
[SourceQuality "1"]

1. Nf3 Nc6 2. d4 d5 3. Bf4 e6 4. e3 Nf6 5. Bd3 Be7 6. c4 0-0 7. 0-0 b6 8. Nbd2 Bb7 9. Rc1 Bd6 10. Ne5 Nb4 11. Bb1 c5 12. a3 Nc6 13. cxd5 exd5 14. dxc5 bxc5 15. Ndf3 Re8 16. Nxc6 Bxc6 17. Bg5 h6 18. Bh4 Rb8 19. b4 c4 20. Nd4 Bb7 21. Qf3 Be5 22. Rfd1 Qd6 23. h3 Qa6 24. Bxf6 Bxf6 25. Nf5 Qxa3 26. Nxh6+ Kf8 27. Ng4 Re6 28. Bf5 Rd6 29. Qg3 Qxb4 30. Nxf6 gxf6 31. Rb1 Qc5 32. Rb5 Qc6 33. Rbxd5 Rbd8 34. Rxd6 Rxd6 35. Rxd6 Qc7 36. Rxf6 Qc5 37. Qd6+ Qxd6 38. Rxd6 c3 39. Rd8+ Ke7 40. Rd7+ Kf6 41. Rxb7 Kxf5 42. Rxa7 c2 43. Rc7 c1Q+ 44. Rxc1 f6 45. Re1 Ke4 46. f3+ Ke5 47. Kf2 f5 48. h4 Kf6 49. g3 Kg6 50. Rd1 Kf6 51. Rd6+ Ke5 52. Rg6 Kd5 53. h5 Kc4 54. h6 Kd3 55. Rf6 Kd2 56. h7 f4 57. Rxf4 Kd3 58. h8N Kd2 59. g4 Kd3 60. g5 Kd2 61. g6 Kd3 62. g7 Kd2 63. g8Q Kd3 64. Rd4+ Kc3 65. Qc4+ Kb2 66. Rd3 Ka1 67. Rb3 Ka2 68. Nf7 Ka1 69. Qb4 Ka2 70. Nd8 Ka1 71. Nc6 Ka2 72. Nd4 Ka1 73. Rb1+ Ka2 74. Rb2+ Ka1 75. Nc2# 1-0

[Event "Kimry"]
[Site "Kimry"]
[Date "2004.05.02"]
[Round "2"]
[White "Volkov, Nikita"]
[Black "Danilov, Alexandr"]
[Result "1-0"]
[WhiteElo "2076"]
[BlackElo "2329"]
[PlyCount "139"]
[EventDate "2004.05.??"]
[EventType "tourn"]
[EventRounds "11"]
[EventCountry "RUS"]
[SourceTitle "EXT 2005"]
[Source "ChessBase"]
[SourceDate "2004.11.15"]
[SourceVersion "1"]
[SourceVersionDate "2004.11.15"]
[SourceQuality "1"]

1. e4 c5 2. Nf3 e6 3. d3 Nf6 4. g3 Nc6 5. Bg2 d6 6. 0-0 Be7 7. Nbd2 0-0 8. Re1 Qc7 9. Nf1 Bd7 10. Qe2 Rad8 11. c3 h6 12. Bf4 Nh5 13. Bc1 Nf6 14. N3d2 b5 15. f4 Nh7 16. Ne3 f6 17. Qg4 f5 18. exf5 exf5 19. Qd1 Bf6 20. Nd5 Qb8 21. Nf1 Rde8 22. Nfe3 Bd8 23. Bd2 Nf6 24. Qb3 Kh8 25. Nxf6 Bxf6 26. Nxf5 Rxe1+ 27. Rxe1 Bxf5 28. Bxc6 Bxd3 29. Re3 Bc4 30. Qa3 Qb6 31. Re8 Kg8 32. Rxf8+ Kxf8 33. Bf3 Bd3 34. Be3 a5 35. b4 axb4 36. cxb4 Bc4 37. bxc5 Qc7 38. cxd6 Qd7 39. Qc5 Bxa2 40. Bc6 Qd8 41. Qxb5 Kf7 42. Bd5+ Bxd5 43. Qxd5+ Ke8 44. Qg8+ Kd7 45. Qxd8+ Kxd8 46. Bc5 Kd7 47. Kf2 Bc3 48. Ke3 Ke6 49. Ke4 g6 50. g4 Bf6 51. f5+ gxf5+ 52. gxf5+ Kd7 53. Kd5 h5 54. h3 Bg7 55. Bf2 Bf6 56. Bg3 Bg7 57. Be5 Bf8 58. f6 Bh6 59. f7 Bf8 60. h4 Bh6 61. Bg3 Bg7 62. Bh2 Bf8 63. Bf4 Bg7 64. Be3 Bf8 65. Bc5 Bg7 66. Bb4 Bf8 67. Ke5 Bg7+ 68. Kf5 Bf8 69. Kg6 Ke6 70. d7 1-0

[Event "Kimry-ch"]
[Site "Kimry"]
[Date "2004.??.??"]
[Round "2"]
[White "Pakhteev, Yury"]
[Black "Volkov, Nikita"]
[Result "1-0"]
[WhiteElo "2327"]
[BlackElo "2067"]
[PlyCount "53"]
[EventDate "2004.??.??"]
[EventType "swiss"]
[EventRounds "9"]
[EventCountry "RUS"]
[SourceTitle "EXT 2005"]
[Source "ChessBase"]
[SourceDate "2004.11.15"]
[SourceVersion "1"]
[SourceVersionDate "2004.11.15"]
[SourceQuality "1"]

1. Nf3 e6 2. c4 d5 3. d4 Nf6 4. Nc3 c6 5. Bg5 Be7 6. e3 Nbd7 7. cxd5 Nxd5 8. Bxe7 Qxe7 9. Qc2 e5 10. Nxd5 cxd5 11. Nxe5 Nxe5 12. dxe5 Qxe5 13. Bb5+ Kf8 14. Qc5+ Kg8 15. Rc1 Be6 16. Rc3 h6 17. Bd3 g6 18. f4 Qb8 19. 0-0 b6 20. Qd4 Qf8 21. f5 gxf5 22. Rf3 Rh7 23. Bxf5 Bxf5 24. Rxf5 Rc8 25. Rxd5 Rxc3 26. Rd8 Rc8 27. Qg4+ 1-0

[Event "Kimry-ch"]
[Site "Kimry"]
[Date "2004.??.??"]
[Round "1"]
[White "Volkov, Nikita"]
[Black "Nadeev, Sergey Vladimirovic"]
[Result "1/2-1/2"]
[WhiteElo "2067"]
[BlackElo "2316"]
[PlyCount "31"]
[EventDate "2004.??.??"]
[EventType "swiss"]
[EventRounds "9"]
[EventCountry "RUS"]
[SourceTitle "EXT 2005"]
[Source "ChessBase"]
[SourceDate "2004.11.15"]
[SourceVersion "1"]
[SourceVersionDate "2004.11.15"]
[SourceQuality "1"]

1. e4 e5 2. Nf3 Nc6 3. Bc4 Nf6 4. Ng5 d5 5. exd5 Na5 6. d3 h6 7. Nf3 e4 8. Qe2 Nxc4 9. dxc4 Bd6 10. Nd4 0-0 11. h3 Qe7 12. Be3 Nh7 13. g4 a6 14. Nd2 Bd7 15. N2b3 a5 16. c5 1/2-1/2

[Event "Kimry-ch"]
[Site "Kimry"]
[Date "2004.??.??"]
[Round "5"]
[White "Volkov, Nikita"]
[Black "Ulianov, Sergey"]
[Result "1/2-1/2"]
[WhiteElo "2067"]
[BlackElo "2087"]
[PlyCount "53"]
[EventDate "2004.??.??"]
[EventType "swiss"]
[EventRounds "9"]
[EventCountry "RUS"]
[SourceTitle "EXT 2005"]
[Source "ChessBase"]
[SourceDate "2004.11.15"]
[SourceVersion "1"]
[SourceVersionDate "2004.11.15"]
[SourceQuality "1"]

1. e4 g6 2. d4 Bg7 3. Nf3 d6 4. Bc4 Bg4 5. Bxf7+ Kxf7 6. Ng5+ Ke8 7. Qxg4 Bxd4 8. Ne6 Qd7 9. c3 Nf6 10. Qh3 Bb6 11. f4 Nxe4 12. Rf1 Nc5 13. f5 Qc6 14. Nxc5 Bxc5 15. f6 Nd7 16. f7+ Kd8 17. Bh6 Nf8 18. Bg7 Qe4+ 19. Kd1 Be3 20. Nd2 Bxd2 21. Kxd2 c6 22. Bxh8 Qd5+ 23. Kc2 Qe4+ 24. Kb3 b5 25. a4 Qc4+ 26. Kc2 Qe2+ 27. Kb3 1/2-1/2

[Event "Kimry-ch"]
[Site "Kimry"]
[Date "2003.??.??"]
[Round "1"]
[White "Gromov, Artur"]
[Black "Volkov, Nikita"]
[Result "1/2-1/2"]
[WhiteElo "2255"]
[BlackElo "2075"]
[PlyCount "44"]
[EventDate "2003.??.??"]
[EventType "swiss"]
[EventRounds "9"]
[EventCountry "RUS"]
[SourceTitle "EXT 2007"]
[Source "ChessBase"]
[SourceDate "2006.11.23"]
[SourceVersion "1"]
[SourceVersionDate "2006.11.23"]
[SourceQuality "1"]

1. g3 e5 2. Bg2 d5 3. d3 Nf6 4. Nf3 Nc6 5. 0-0 Be7 6. Nbd2 0-0 7. e4 dxe4 8. dxe4 h6 9. Qe2 Be6 10. c3 Bd6 11. Nc4 Bxc4 12. Qxc4 Qe7 13. Nh4 Qe6 14. Qxe6 fxe6 15. Re1 Ng4 16. Be3 Nxe3 17. Rxe3 Bc5 18. Re2 Rf6 19. Rd1 Raf8 20. Rdd2 g5 21. Nf3 Rxf3 22. Bxf3 Rxf3 1/2-1/2

[Event "Kimry-ch"]
[Site "Kimry"]
[Date "2003.??.??"]
[Round "3"]
[White "Nefedov, Dmitriy"]
[Black "Volkov, Nikita"]
[Result "1/2-1/2"]
[WhiteElo "2125"]
[BlackElo "2075"]
[PlyCount "66"]
[EventDate "2003.??.??"]
[EventType "swiss"]
[EventRounds "9"]
[EventCountry "RUS"]
[SourceTitle "EXT 2007"]
[Source "ChessBase"]
[SourceDate "2006.11.23"]
[SourceVersion "1"]
[SourceVersionDate "2006.11.23"]
[SourceQuality "1"]

1. Nf3 Nf6 2. c4 e6 3. b3 d5 4. Bb2 c5 5. e3 Nc6 6. d3 d4 7. e4 e5 8. Be2 Bd6 9. Nbd2 0-0 10. 0-0 a6 11. h3 h6 12. Nh2 Be6 13. Bg4 Bxg4 14. Nxg4 Nh5 15. Nxh6+ gxh6 16. Qxh5 Kh7 17. Nf3 Qf6 18. Nh4 Ne7 19. Bc1 Rg8 20. Nf5 Nxf5 21. Qxf5+ Qg6 22. g4 h5 23. f3 Qxf5 24. exf5 hxg4 25. hxg4 Kg7 26. Bd2 Rh8 27. Kg2 e4 28. Rh1 e3 29. Ba5 f6 30. Rxh8 Rxh8 31. Rh1 Rxh1 32. Kxh1 Bg3 33. Kg2 b6 1/2-1/2

[Event "Kimry"]
[Site "Kimry"]
[Date "2003.??.??"]
[Round "11"]
[White "Volkov, Nikita"]
[Black "Bik Mukhamedov, Mikhail"]
[Result "1-0"]
[WhiteElo "2067"]
[BlackElo "1860"]
[PlyCount "33"]
[EventDate "2003.??.??"]
[EventType "tourn"]
[EventRounds "11"]
[EventCountry "RUS"]
[SourceTitle "EXT 2006"]
[Source "ChessBase"]
[SourceDate "2005.11.24"]
[SourceVersion "1"]
[SourceVersionDate "2005.11.24"]
[SourceQuality "1"]

1. e4 e5 2. Nf3 Nc6 3. Bc4 Nf6 4. Ng5 d5 5. exd5 Na5 6. Bb5+ c6 7. dxc6 bxc6 8. Qf3 cxb5 9. Qxa8 Nb7 10. d3 Nd7 11. Be3 h6 12. Nf3 Qa5+ 13. Nbd2 Qc7 14. Qxa7 Bc5 15. Bxc5 Ndxc5 16. 0-0 b4 17. Ne4 1-0

[Event "Kimry"]
[Site "Kimry"]
[Date "2003.??.??"]
[Round "9"]
[White "Volkov, Nikita"]
[Black "Sorokin, Evgeniy"]
[Result "1/2-1/2"]
[WhiteElo "2067"]
[BlackElo "2167"]
[PlyCount "59"]
[EventDate "2003.??.??"]
[EventType "tourn"]
[EventRounds "11"]
[EventCountry "RUS"]
[SourceTitle "EXT 2006"]
[Source "ChessBase"]
[SourceDate "2005.11.24"]
[SourceVersion "1"]
[SourceVersionDate "2005.11.24"]
[SourceQuality "1"]

1. e4 c5 2. Nf3 Nc6 3. Bb5 g6 4. Bxc6 dxc6 5. Nc3 Bg7 6. d3 e5 7. Be3 b6 8. h3 Ne7 9. g4 Qc7 10. Qd2 h5 11. g5 Be6 12. Nh4 Qd7 13. f4 exf4 14. Bxf4 Bxh3 15. 0-0-0 Bg4 16. Rdf1 Qe6 17. Nf3 Bxf3 18. Rxf3 Rd8 19. Qe1 c4 20. Rhf1 0-0 21. a3 cxd3 22. Rxd3 Rxd3 23. cxd3 Rd8 24. Qd2 Qb3 25. Qc2 Qxc2+ 26. Kxc2 Rd7 27. Rd1 Bxc3 28. Kxc3 c5 29. b4 cxb4+ 30. axb4 1/2-1/2

[Event "Kimry"]
[Site "Kimry"]
[Date "2003.??.??"]
[Round "7"]
[White "Volkov, Nikita"]
[Black "Svechnikov, Evgeniy"]
[Result "1/2-1/2"]
[WhiteElo "2067"]
[BlackElo "2038"]
[PlyCount "21"]
[EventDate "2003.??.??"]
[EventType "tourn"]
[EventRounds "11"]
[EventCountry "RUS"]
[SourceTitle "EXT 2006"]
[Source "ChessBase"]
[SourceDate "2005.11.24"]
[SourceVersion "1"]
[SourceVersionDate "2005.11.24"]
[SourceQuality "1"]

1. e4 e5 2. Nf3 Nc6 3. Bb5 a6 4. Ba4 b5 5. Bb3 Be7 6. 0-0 Nf6 7. Re1 0-0 8. c3 d6 9. h3 h6 10. d4 Nd7 11. Bd5 1/2-1/2